000 00692nam a2200205Ia 4500
001 2956
003 GE_BSU
008 181216s||||||||xx |||||||||||||| ||und||
040 _cGE_BSU
080 _a624.041:665.5
100 _aРудин,М.Г.
245 _aПроектирование нефтеперерабатывающих и нефтехимических заводов.
245 _cРед. Ю.К.Кузнецов.
260 _aЛ.
260 _bХимия.
260 _c1984.
300 _a256 стр. с илл. 22 см.
653 _aПроектирование нефтеперерабатывающих и нефтехимических заводов.
942 _cBK
999 _c37004
_d37004